| 000 | 00461 a2200169 4500 | ||
|---|---|---|---|
| 999 |
_c5951 _d5951 |
||
| 020 | _a8120320786 | ||
| 050 | _aQA76.73 DIC 2002 | ||
| 100 |
_aDicken Deanna _eauthor |
||
| 245 |
_aIn a weekend/ _cDeanna Dicken and Kevin Thompson |
||
| 264 |
_aNew Delhi : _bPrentice hall of India., _c2002 |
||
| 300 | _axxi., 497 pages | ||
| 440 | _aLearn SQL | ||
| 500 | _aIncludes index | ||
| 650 | _aComputing | ||
| 700 | _aKevin Thompson | ||
| 942 |
_2lcc _cBK _h76.73 _iDIC _kQA |
||